000 00313nam a2200121Ia 4500
008 191201s2007 xx 000 0 und d
100 _aBROWN, P. J.
245 0 _aNanofibers and Nanotechnology in Textile
260 _aN.Delhi
_bWoodhead Publisher
_c2007
300 _a528
650 _aB.Tech(TE)
942 _2ddc
_cBK
999 _c3626
_d3626